000
00335nam a2200145Ia 4500
008
150201s2010 xx 000 0 und d
082
_a
621.38195
_b
C10T
100
_a
THACKER , NAVEEN
245
_a
COMPUTER FOR NURSES
250
_a
1ST
260
_b
JAYPEE
_a
DELHI
_c
2010
300
_a
142
650
_a
COMPUTER
942
_2
ddc
_c
BK
_0
4
999
_c
2097
_d
2097